Top 10 Songs by Iron Maiden - Statistics

General Stats
  • This quiz has been taken 11 times
  • The average score is 6 of 10
Answer Stats
Hint Answer % Correct
2 Run to the Hills
91%
1 The Trooper
91%
4 Fear of the Dark
73%
5 The Number of the Beast
73%
7 Aces High
64%
3 Hallowed Be Thy Name
64%
8 2 Minutes to Midnight
55%
9 Powerslave
55%
6 Wasted Years
55%
10 Rime of the Ancient Mariner
27%
No matching quizzes found
Score Distribution
Percent of People with Each Score
Percentile by Number Answered
Your Score History
You have not taken this quiz